<?xml version="1.0" encoding="UTF-8"?>
<record
    xmlns:xsi="http://www.w3.org/2001/XMLSchema-instance"
    xsi:schemaLocation="http://www.loc.gov/MARC21/slim http://www.loc.gov/standards/marcxml/schema/MARC21slim.xsd"
    xmlns="http://www.loc.gov/MARC21/slim">

  <leader>01023nam a22002777i 4500</leader>
  <controlfield tag="003">OSt</controlfield>
  <controlfield tag="005">20251209171957.0</controlfield>
  <controlfield tag="008">251209e2022    cr|oa||gr|||| 001 0 spa d</controlfield>
  <datafield tag="020" ind1=" " ind2=" ">
    <subfield code="a">9789968090001</subfield>
  </datafield>
  <datafield tag="040" ind1=" " ind2=" ">
    <subfield code="b">spa</subfield>
    <subfield code="c">LADOV</subfield>
  </datafield>
  <datafield tag="041" ind1="0" ind2=" ">
    <subfield code="a">spa</subfield>
  </datafield>
  <datafield tag="082" ind1=" " ind2=" ">
    <subfield code="a">707</subfield>
    <subfield code="b">R696s</subfield>
  </datafield>
  <datafield tag="100" ind1="1" ind2=" ">
    <subfield code="a">Rodr&#xED;guez, Lester</subfield>
    <subfield code="d">1984-</subfield>
    <subfield code="e">autor</subfield>
  </datafield>
  <datafield tag="245" ind1="1" ind2="0">
    <subfield code="a">Saber / desconocer : </subfield>
    <subfield code="b">pedagog&#xED;as relacionales y pr&#xE1;cticas de creaci&#xF3;n en Centroam&#xE9;rica /</subfield>
    <subfield code="c">Lester Rodr&#xED;guez, Patricia Fumero, Sof&#xED;a Villena y Antonieta Sibaja.</subfield>
  </datafield>
  <datafield tag="250" ind1=" " ind2=" ">
    <subfield code="a">[Primera edici&#xF3;n]</subfield>
  </datafield>
  <datafield tag="260" ind1=" " ind2=" ">
    <subfield code="a">San Jos&#xE9;, Costa Rica : </subfield>
    <subfield code="b">Museo de Arte y Dise&#xF1;o Contempor&#xE1;neo, </subfield>
    <subfield code="c">2022.</subfield>
  </datafield>
  <datafield tag="300" ind1=" " ind2=" ">
    <subfield code="a">97 p&#xE1;ginas : </subfield>
    <subfield code="b">fotograf&#xED;as a color.</subfield>
  </datafield>
  <datafield tag="650" ind1="0" ind2="4">
    <subfield code="a">Arte</subfield>
    <subfield code="z">Am&#xE9;rica Central</subfield>
  </datafield>
  <datafield tag="650" ind1="0" ind2="4">
    <subfield code="a">Arte</subfield>
    <subfield code="v">ense&#xF1;anza</subfield>
  </datafield>
  <datafield tag="650" ind1="0" ind2="4">
    <subfield code="a">Arte</subfield>
    <subfield code="v">exposiciones</subfield>
  </datafield>
  <datafield tag="650" ind1="0" ind2="4">
    <subfield code="a">Artistas</subfield>
  </datafield>
  <datafield tag="700" ind1="1" ind2=" ">
    <subfield code="a">Fumero Vargas, Patricia</subfield>
    <subfield code="d">1958-</subfield>
    <subfield code="e">autora</subfield>
  </datafield>
  <datafield tag="700" ind1="1" ind2=" ">
    <subfield code="a">Villena Araya, Sof&#xED;a</subfield>
    <subfield code="d">1994-</subfield>
    <subfield code="e">autora</subfield>
  </datafield>
  <datafield tag="700" ind1="1" ind2=" ">
    <subfield code="a">Sibaja H., Antonieta</subfield>
    <subfield code="d">1981- </subfield>
    <subfield code="e">autora</subfield>
  </datafield>
  <datafield tag="942" ind1=" " ind2=" ">
    <subfield code="2">ddc</subfield>
    <subfield code="c">1</subfield>
    <subfield code="h">707</subfield>
    <subfield code="i">R696s</subfield>
    <subfield code="n">0</subfield>
  </datafield>
  <datafield tag="999" ind1=" " ind2=" ">
    <subfield code="c">4589</subfield>
    <subfield code="d">4589</subfield>
  </datafield>
  <datafield tag="952" ind1=" " ind2=" ">
    <subfield code="0">0</subfield>
    <subfield code="1">0</subfield>
    <subfield code="2">ddc</subfield>
    <subfield code="4">0</subfield>
    <subfield code="7">0</subfield>
    <subfield code="8">Libros</subfield>
    <subfield code="a">LV</subfield>
    <subfield code="b">LV</subfield>
    <subfield code="d">2025-12-09</subfield>
    <subfield code="l">0</subfield>
    <subfield code="o">707 R696s</subfield>
    <subfield code="p">005264</subfield>
    <subfield code="r">2025-12-09 00:00:00</subfield>
    <subfield code="w">2025-12-09</subfield>
    <subfield code="y">1</subfield>
  </datafield>
</record>
